| 000 | 01272 a2200253 4500 | ||
|---|---|---|---|
| 003 | Nust | ||
| 005 | 20221118105446.0 | ||
| 010 | _a 91013055 | ||
| 020 | _a0521498473 | ||
| 040 | _cNust | ||
| 082 | 0 | 0 | _a621.381,HAY |
| 100 | 1 |
_aHayes, Thomas C. _9103027 |
|
| 245 | 1 | 0 |
_aStudent manual for the art of electronics / _cThomas C. Hayes & Paul Horowitz. |
| 260 |
_aCambridge [England] ; _aNew York, NY, USA : _bCambridge University Press, _cc1989 |
||
| 300 |
_aix, 614 p. : _bill. ; _c26 cm. |
||
| 505 | _aFoundations (Page-1), Transistor (Page-82), Field Effect Transistors (Page-142), Feedback Operational Amplifiers (Page-163), Active Filters and Oscillators (Page-207), Field Effect Transistors (Page-244), Voltage Regulators and Power Circuits (Page-267), Digital Electronics (Page-281), Digital Meets Analog (Page-406), Microcomputers (Page-431). | ||
| 650 | 0 |
_aElectronic circuit design _xLaboratory manuals. _9103028 |
|
| 650 | 0 |
_aElectronics _xLaboratory manuals. _941521 |
|
| 700 | 1 |
_aHorowitz, Paul, _d1942- _983309 |
|
| 700 | 1 |
_aHorowitz, Paul, _d1942- _983309 |
|
| 856 | 4 | 2 |
_3Publisher description _uhttp://www.loc.gov/catdir/description/cam024/91013055.html |
| 856 | 4 | 2 |
_3Table of contents _uhttp://www.loc.gov/catdir/toc/cam028/91013055.html |
| 942 |
_2ddc _cBK |
||
| 999 |
_c181345 _d181345 |
||